000 00447 a2200157 4500
999 _c4089
_d4089
020 _a9780751306507
050 _aND 751.4 SMI 1993
100 _aSmith, Ray
_eauthor
110 _aRoyal academy of arts
245 _aAn introduction to watercolour /
_cRay Smith
264 _aLondon:
_bDorling Kindersley,
_c1993
300 _a72p.:
_bill.(col.)
500 _aIncludes index
650 _aMaterials and techniques
942 _2lcc
_cBK
_h751.4
_iSMI
_kND